000 00340 a2200121 4500
000 nam a22 7a 4500
005 20260317102709.0
100 _aKonecny, Gottfried
_91132249
245 _aGeoinformation: Remote sensing, photogrammetry, and geographic information systems
250 _a2nd
260 _bCRC Press
_c2024
942 _cAUD
999 _c1715592
_d1715592